000 00774nam a2200157 i 4500
001 156697
003 ES-MaACL
005 20230906210456.0
008 040826s1873 sp |||| | spa d
110 2 _aLa Escolar.
_9134610
245 1 0 _aMemoria leída por D. Antonio Maestre y Alonso, secretario de la sociedad científico-literaria La Escolar, en la solemne apertura de sus sesiones
_b: celebrada el día 4 de octubre de 1873.
260 _aMadrid :
_b[s.n.],
_c1873 (
_fImp. de F. Escámez)
300 _a11 p. ;
_c19 cm.
700 1 _aMaestre y Alonso, Antonio.
_975403
852 _aES-MaACL
_jT-422-F-18
_z- Enc. hol.
_z. - Ex-libris ms. de Gustavo Sáenz Díez
_z. - Dedicatoria del autor a los Escolares Médicos
_q- Falto de cub. original
_z- Enc. en un vol. facticio
999 _c156697
_d156697